000 00754nam a2200241 i 4500
001 C2-0275712
003 PPAK
005 20180728004414.0
008 061107s2005 waua|||| ||||| | eng d
020 _a0792293444
040 _aPPAK
_beng
_cPPAK
_erda
082 0 4 _a599.884092
_223
090 0 0 _a599.884092
_bDEL
_dR
100 1 _aDe La Bedoyere, Camilla,
_eauthor
245 1 0 _aNo one loved gorillas more :
_bDian Fossey letters from the mist
264 1 _aWashington :
_bNational Geographic Society ,
_c2005
300 _a191 pages :
_bcolour illustrations ;
_c25 cm
336 _2rdacontent
_atext
337 _2rdamedia
_aunmediated
338 _2rdacarrier
_avolume
650 1 0 _aPrimatologists - United States - Biography.
942 _ddc
_cB
999 _c83325
_d83325